000 00302nam a2200121Ia 4500
008 150731s2010 xx 000 0 und d
082 _a617.7
_bN 10 C
100 _aCHOUDHARY RAVINDRA
245 _aNETRA CHIKITSA VIGYAN
260 _bCHAUKHAMBHA PUB. NEW DELHI
_c2010
300 _a512
942 _2ddc
_cBK
999 _c7896
_d7896